01620nam a2200445 a 450000100060000000300080000600500170001400600190003100700150005000800410006502000180010603500230012403500240014703500250017103500210019604000260021705000220024308000360026508000400030108200120034110000260035324501710037926000390055030000110058949000290060050400340062953301640066360000200082760000220084765000290086965000270089865000280092565000250095365000290097865000290100765500270103671000190106383000300108285600620111229152FlNmELB20241216220121.0m o d | cr cn|||||||||130124s2010 sp sb 000 0 spa d z9788478983308 a(MiAaPQ)EBC3205165 a(Au-PeEL)EBL3205165 a(CaPaEBR)ebr10637162 a(OCoLC)929395002 aFlNmELBbspacFlNmELB 4aPQ7081bM578 2010 a860(729.5) Ferrer, Rosario 1.06 a820(73:=1.72) Cisneros, Sandra 1.0604a8002221 aMesa Gonzalez, Cinta.10aGeografía de experienciash[recurso electronico] :bla recuperación del pasado en los espacios textuales de dos autoras latinoamericanas /cCinta Mesa González. aSevilla :bEdiciones Alfar,c2010. a122 p.1 aAlfar universidad ;v165 aBibliografía: p. [113]-122. aRecurso electrónico. Santa Fe, Arg.: e-libro, 2015. Disponible vía World Wide Web. El acceso puede estar limitado para las bibliotecas afiliadas a e-libro.14aFerre, Rosario.14aCisneros, Sandra. 4aNovela puertorriqueña. 4aNovela estadounidense. 4aMujer en la literatura. 0aAmerican literature. 0aPuerto Rican literature. 0aPuerto Rican literature. 4aLibros electrónicos.2 ae-libro, Corp. 0aAlfar universidad ;v155.40uhttps://elibro.net/ereader/politecnicointernacional/52640